LIBRARY & INFORMATION CENTRE, KCAET, TAVANUR

ONLINE PUBLIC ACCESS CATALOGUE (OPAC)

Design, development and evaluation of a low cost paddy thresher (Record no. 15344)

MARC details
000 -LEADER
fixed length control field 00407nam a22001457a 4500
082 ## - DEWEY DECIMAL CLASSIFICATION NUMBER
Classification number 631.37
Item number JOH/DE
100 ## - MAIN ENTRY--AUTHOR NAME
Personal name JOHN, MATHEW
245 ## - TITLE STATEMENT
Title Design, development and evaluation of a low cost paddy thresher
260 ## - PUBLICATION, DISTRIBUTION, ETC. (IMPRINT)
Place of publication Tavanur
Name of publisher Kelappaji College of Agricultural Engineering and Technology
Year of publication 1991
300 ## - PHYSICAL DESCRIPTION
Number of Pages 100
500 ## - GENERAL NOTE
General note thesis
520 ## - SUMMARY, ETC.
Summary, etc thesis
650 ## - SUBJECT ADDED ENTRY--TOPICAL TERM
Topical Term thesis
942 ## - ADDED ENTRY ELEMENTS (KOHA)
Koha item type Theses
Holdings
Withdrawn status Lost status Damaged status Home library Current library Date acquired Full call number Accession Number Koha item type Public note
      KAUAET KAUAET 03/03/2018 631.37 JOH/DE 17636 Theses M.Tech Thesis
free website counter